[Event "Babina Greda active op"]
[Site "Babina Greda"]
[Date "2014.07.27"]
[Round "2"]
[White "Mrkonjic, Nenad"]
[Black "Kurtovic, Nedzad"]
[Result "1-0"]
[WhiteElo "2373"]
[BlackElo "1998"]
[PlyCount "77"]
[EventDate "2014.07.27"]
[EventType "swiss"]
[EventRounds "9"]
[EventCountry "CRO"]
[SourceTitle "EXT 2016"]
[Source "ChessBase"]
[SourceDate "2015.10.08"]
[SourceVersion "1"]
[SourceVersionDate "2015.10.08"]
[SourceQuality "1"]

1. d4 c5 2. c3 e6 3. Nf3 d5 4. Bf4 Bd6 5. Bxd6 Qxd6 6. e3 a6 7. dxc5 Qxc5 8. Qd4 Qxd4 9. cxd4 Nc6 10. Nc3 Nf6 11. Na4 Bd7 12. Nb6 Rd8 13. Rc1 0-0 14. Be2 Be8 15. 0-0 Nd7 16. Nxd7 Bxd7 17. Rc3 f6 18. Rfc1 Rc8 19. Nd2 b5 20. Nb3 e5 21. Bf3 e4 22. Be2 Nb4 23. Rxc8 Rxc8 24. Nc5 Be8 25. a3 Nd3 26. Bxd3 exd3 27. Kf1 b4 28. Nxd3 Rxc1+ 29. Nxc1 bxa3 30. bxa3 Kf7 31. Ke2 Ke6 32. Nb3 Kd6 33. Nc5 Bb5+ 34. Kd2 f5 35. h4 h5 36. g3 Bf1 37. Kc3 Be2 38. Kb4 Kc6 39. Ka5 1-0

[Event "Zupanja op-B 2nd"]
[Site "Zupanja"]
[Date "2008.01.07"]
[Round "7"]
[White "Kurtovic, Nedzad"]
[Black "Filipovic, Josip"]
[Result "1-0"]
[WhiteElo "2051"]
[BlackElo "1926"]
[PlyCount "53"]
[EventDate "2008.01.03"]
[EventType "swiss"]
[EventRounds "9"]
[EventCountry "CRO"]
[SourceTitle "CBM 122 Extra"]
[Source "ChessBase"]
[SourceDate "2008.03.04"]
[SourceVersion "1"]
[SourceVersionDate "2008.03.04"]
[SourceQuality "1"]

1. e4 c5 2. Nf3 Nc6 3. d4 cxd4 4. Nxd4 d6 5. Bc4 e6 6. Nc3 Nf6 7. Bg5 Be7 8. Qd2 a6 9. f4 Qc7 10. Nxc6 bxc6 11. 0-0-0 0-0 12. Bxf6 gxf6 13. g4 Kh8 14. Bd3 Rg8 15. Rhg1 Bb7 16. Qe3 c5 17. Bc4 Rg7 18. f5 Bc8 19. Rg3 Bd7 20. a4 Qb7 21. b3 Rag8 22. Qe2 Bc8 23. Kb2 h6 24. Qe3 Kh7 25. Rdg1 Qc7 26. Ne2 e5 27. Qxh6+ 1-0